000 00946cab a2200301 4500
001 ABS57601
008 090401t1997 xxu||||| |||| 00| 0 eng d
035 _a(Sirsi) u80744
041 _aeng
100 _aBennett, R.
245 _aAssessing the benefits of public access to the countryside
260 _c1997
350 _a0
490 _aPlanning Practice & Research
_v12(3) 1997, 213-222(10)
520 _aDiscusses ways of valuing the benefit of public access to the countryside based on a survey of access to the Crown Estate land in Windsor Forest. References.
650 _aACCESS TO THE COUNTRYSIDE
650 _aBENEFIT
650 _aCONTINGENT VALUATION METHOD
650 _aCROWN ESTATE
650 _aPUBLIC ACCESS
650 _aRIGHTS OF WAY
650 _aVALUE
650 _aWINDSOR FOREST
690 _aHIGHWAYS RIGHTS OF WAY AND EASEMENTS
700 _aTranter, R.B.
942 _n0
948 _c09/09/1997
999 _c50838
_d50838